00754cam a2200229 a 450000100100000000500170001000800410002702000150006804000180008308200200010110000260012124500630014726000320021030000210024249000110026365000280027465000320030283000180033491000340035295201230038699900150050900000811220200929154435.0920921s1992 ck 000 1 spa  a9589232140 aDO-SdBNPcDLC aCo863.44bH868c1 aHoyos, Andres.92202410aConviene a los felices permanecer en casa /cAndres Hoyos. aBogotá :bAltamir,c1992. a301 p. ;c21 cm.1 aNovela 4aNovela colombiana91243 4aLiteratura colombiana91244 0aNovela922025 aCatalogación por copia / LC 001052708MOaGRbGRcCTd2009-09-14iLF1l0oCo863.44 H868cp8112-10r2020-06-25w2020-06-25y2ZPréstamo interno c7889d7889